000 01135nam a22001937a 4500
999 _c59399
_d59399
003 Ge_BSU
005 20230209122826.0
008 230209s2000 ge ||||| |||| 00| 0 geo d
041 _ageo
080 _a343(479.22)(094.4) გ-45
100 _aგვენეტაძე, ნინო
_96476
245 _aპასუხისმგებლობა სამეწარმეო და სხვა ეკონომიკური დანაშაულისათვის სისხლის სამართლის კოდექსის მიხედვით /
_c ნინო გვენეტაძე, გოჩა მამულაშვილი.
264 _aთბილისი,
_c2000.
300 _a454 გვ. ;
_b24 სმ.
653 _a სამეწარმეო დანაშაული
653 _a ეკონომიკური დანაშაული. საქართველოს სისხლის სამართლის კოდექსი
700 _aმამულაშვილი, გოჩა
_eავტორი
_95362
942 _2udc
_cBK